000 01751nam0a2200385 i 4500
001 RU\NLR\bibl\2081775
005 20240921144256.0
010 _a9785845918659
_92000
021 _aRU
_b2013-71596
_94907
035 _a(nilc)RuMoRGB-006664955
035 _a(NLR Aleph) 002066174
090 _a4707322
_c4707322
100 _a20131026d2013 u y0rusy50 ca
101 1 _arus
_aita
102 _aRU
105 _aa||||||||||||
200 1 _aРазговорный итальянский для чайников
_fТереза Пикарацци, Франческа Романа Онофри, Карен Мёллер
_g[пер. с англ. и ред. А.В. Слепцова]
210 _aМосква [и др.]
_cДиалектика
_d2013
215 _a380 с.
_cил.
_d20
225 1 _aНачните говорить по-итальянски прямо сейчас!
320 _aПредм. указ.: с. 377-380
454 0 _1010$a978-1-1180-0465-4
_12001#$aItalian for dummies
_1700#1$aPicarazzi$bT.$gTeresa
_1701#1$aOnofri$bF.R.$gFrancesca Romana
_1701#1$aMöller$bK.$gKaren
_tItalian for dummies
_aPicarazzi, Teresa
606 1 _aИтальянский язык
_jУчебные издания
_xРазговорная речь
_91235962
_3RU\NLR\AUTH\66504474
686 1 _aШ147.31-93рус-70
700 1 _aПикарацци
_bТ.
_gТереза
701 1 _aОнофри
_bФ. Р.
_gФранческа Романа
701 1 _aМёллер
_bК.
_gКарен
_9174483
_3RU\NLR\AUTH\770174534
801 0 _aRU
_bRuMoRKP
_c20130909
_gRCR
801 2 _aRU
_bРГБ
_c20130924
_grcr
801 1 _aRU
_bRuMoRKP
_c20130909
_2rusmarc
801 2 _aRU
_bNLR
_c20131014
_grcr
942 _cBOOK
980 _aNBR